<?xml version="1.0" encoding="UTF-8"?>
<record
    xmlns:xsi="http://www.w3.org/2001/XMLSchema-instance"
    xsi:schemaLocation="http://www.loc.gov/MARC21/slim http://www.loc.gov/standards/marcxml/schema/MARC21slim.xsd"
    xmlns="http://www.loc.gov/MARC21/slim">

  <leader>00872na  a2200277   4500</leader>
  <controlfield tag="001">21967</controlfield>
  <controlfield tag="003">MIRAKIL</controlfield>
  <controlfield tag="005">20181213155132.0</controlfield>
  <controlfield tag="008">170209b        tu            000 0      </controlfield>
  <datafield tag="020" ind1=" " ind2=" ">
    <subfield code="a">9755124659</subfield>
  </datafield>
  <datafield tag="040" ind1=" " ind2=" ">
    <subfield code="a">Milas</subfield>
    <subfield code="b">tur</subfield>
    <subfield code="c">TR-AnCHP</subfield>
  </datafield>
  <datafield tag="041" ind1=" " ind2=" ">
    <subfield code="a">tur</subfield>
  </datafield>
  <datafield tag="082" ind1=" " ind2=" ">
    <subfield code="a">332</subfield>
    <subfield code="b">B74 2000</subfield>
  </datafield>
  <datafield tag="090" ind1=" " ind2=" ">
    <subfield code="a">332 B74 2000</subfield>
  </datafield>
  <datafield tag="245" ind1=" " ind2=" ">
    <subfield code="a">B&#xF6;lgesel finans ve hizmet merkezi &#x130;stanbul</subfield>
    <subfield code="c">Sadi Uzuno&#x11F;lu... [ve &#xF6;te]</subfield>
  </datafield>
  <datafield tag="260" ind1=" " ind2=" ">
    <subfield code="a">&#x130;stanbul</subfield>
    <subfield code="b">&#x130;stanbul Ticaret Odas&#x131;</subfield>
    <subfield code="c">2000</subfield>
    <subfield code="f">Lebib Yalk&#x131;n Yay&#x131;mlar&#x131; ve bask&#x131; i&#x15F;leri</subfield>
  </datafield>
  <datafield tag="300" ind1=" " ind2=" ">
    <subfield code="a">261 s.</subfield>
    <subfield code="b">tbl. ; grf. ; &#x15F;kl.</subfield>
    <subfield code="c">29 sm.</subfield>
  </datafield>
  <datafield tag="490" ind1=" " ind2=" ">
    <subfield code="a">&#x130;stanbul Ticaret Odas&#x131; Yay&#x131;nlar&#x131;</subfield>
    <subfield code="v">2000-34</subfield>
  </datafield>
  <datafield tag="650" ind1=" " ind2=" ">
    <subfield code="a">Ekonomi</subfield>
    <subfield code="z">T&#xFC;rkiye</subfield>
  </datafield>
  <datafield tag="650" ind1=" " ind2=" ">
    <subfield code="a">Finans</subfield>
    <subfield code="x">T&#xFC;rkiye</subfield>
    <subfield code="z">&#x130;stanbul</subfield>
  </datafield>
  <datafield tag="700" ind1=" " ind2=" ">
    <subfield code="a">Civelek, U&#x11F;ur</subfield>
  </datafield>
  <datafield tag="700" ind1=" " ind2=" ">
    <subfield code="a">G&#xFC;rlesel, Can Fuat </subfield>
  </datafield>
  <datafield tag="700" ind1=" " ind2=" ">
    <subfield code="a">Alk&#x131;n, Kerem</subfield>
  </datafield>
  <datafield tag="710" ind1=" " ind2=" ">
    <subfield code="a">&#x130;stanbul Ticaret Odas&#x131; (&#x130;TO)</subfield>
  </datafield>
  <datafield tag="942" ind1=" " ind2=" ">
    <subfield code="2">ddc</subfield>
    <subfield code="c">BKS</subfield>
  </datafield>
  <datafield tag="952" ind1=" " ind2=" ">
    <subfield code="a">0001</subfield>
    <subfield code="b">0001</subfield>
    <subfield code="d">2017-02-09</subfield>
    <subfield code="e">2</subfield>
    <subfield code="l">0</subfield>
    <subfield code="o">332 B74 2000</subfield>
    <subfield code="p">012347</subfield>
    <subfield code="r">2017-02-09 00:00:00</subfield>
    <subfield code="v">0.00</subfield>
    <subfield code="w">2017-02-09</subfield>
    <subfield code="y">BKS</subfield>
  </datafield>
  <datafield tag="999" ind1=" " ind2=" ">
    <subfield code="c">7242</subfield>
    <subfield code="d">7242</subfield>
  </datafield>
</record>
